Music Quiz

Random Music or Word Play Quiz

Rock n' Roll Recipes? II Quiz Stats

 Plays Quiz Updated Sep 11, 2015

Challenge
Share
Tweet
Embed
Score 0/30 Timer 05:00
1 Play Today
% Correct
Madonna
92.3%
Billy Ray Cyrus
88.9%
Pink Floyd
88.8%
The Beach Boys
88.2%
The Beatles
87.4%
Bryan Adams
85.2%
Aretha Franklin
85.1%
The Rolling Stones
83.6%
Rick Astley
83.2%
Michael Jackson
83%
The Clash
81.4%
Lou Bega
80%
Beyoncé
79.6%
Dolly Parton
78.3%
Billy Joel
77.7%
% Correct
Maroon 5
77.5%
Creedence Clearwater Revival
77.2%
Rick James
76.1%
Jay-Z
75%
Stevie Wonder
73.5%
Coldplay
73.5%
Iron Maiden
73.4%
Ramones
70.5%
Los del Río
69.4%
Lady Gaga
67.3%
Rihanna
66.1%
Justin Bieber
57%
Joni Mitchell
50.2%
Gordon Lightfoot
49.4%
The Cheeky Girls
38.5%

You're not logged in!

Compare scores with friends on all Sporcle quizzes.
OR
Log In

You Might Also Like...

Show Comments

Extras

Top Quizzes Today


Score Distribution

Your Account Isn't Verified!

In order to create a playlist on Sporcle, you need to verify the email address you used during registration. Go to your Sporcle Settings to finish the process.

Report this User

Report this user for behavior that violates our Community Guidelines.

Details: